000 00564nam a2200205Ia 4500
005 20250508165103.0
008 008 250505s9999 xx 000 0 eng d
037 _aTextual
040 _aFEDL
_beng
_cFEDL
041 _aeng
_2eng
084 _a954, CHI
_qFEDL
245 0 _aIndia and the world
245 0 _cChildren's Book Trust
260 _aNew Delhi, India
_bChildren's Book Trust
_c1989
300 _a128p.
365 _aINR
_b15
546 _aMACESE; Thus spoke Jawaharlal Nehru
942 _cTEXL
_h954, CHI
999 _c1393082
_d1393082